| 000 | 00449nam a2200193Ia 4500 | ||
|---|---|---|---|
| 005 | 20240823030650.0 | ||
| 008 | 240823s9999||||xx |||||||||||||| ||und|| | ||
| 020 | _a81-87134-12-7 | ||
| 041 | _aENGLISH | ||
| 082 | _A574.192 Q0 | ||
| 100 | _aAsim K Das | ||
| 245 | 0 | _aBioinorganic Chemistry | |
| 250 | _a1st | ||
| 260 |
_c2010 _bBooks & Allied (P |
||
| 500 | _aTRANSFERED | ||
| 650 |
_aChemistry _bChemistry |
||
| 942 | _cBK | ||
| 999 |
_c189234 _d189234 |
||